| 000 | 01656nam a2200397Ia 4500 | ||
|---|---|---|---|
| 001 | ebr10750972 | ||
| 003 | CaPaEBR | ||
| 006 | m o u | ||
| 007 | cr cn||||||||| | ||
| 008 | 130718s2013 nyu sb 001 0deng d | ||
| 010 | _z 2013027256 | ||
| 020 | _z9781628940275 (soft cover : alk. paper) | ||
| 020 | _z9781628940282 (hard cover : alk. paper) | ||
| 020 | _z9781628940299 (ebook) | ||
| 040 |
_aCaPaEBR _cCaPaEBR |
||
| 035 | _a(OCoLC)868949616 | ||
| 050 | 1 | 4 |
_aE99.D1 _bD63 2013eb |
| 082 | 0 | 4 |
_a978.004/975243 _223 |
| 100 | 1 |
_aDodge, Robert, _d1945- |
|
| 245 | 1 | 0 |
_aWhich chosen people? _h[electronic resource] : _bmanifest destiny meets the Sioux as seen by Frank Fiske, frontier photographer / _cRobert V. Dodge. |
| 260 |
_aNew York : _bAlgora Publishing, _c2013. |
||
| 300 | _axiv, 197 p. | ||
| 504 | _aIncludes bibliographical references and index. | ||
| 533 |
_aElectronic reproduction. _bPalo Alto, Calif. : _cebrary, _d2013. _nAvailable via World Wide Web. _nAccess may be limited to ebrary affiliated libraries. |
||
| 600 | 0 | 0 |
_aSitting Bull, _d1831-1890. |
| 600 | 1 | 0 |
_aFiske, Frank Bennett, _d1883-1952. |
| 650 | 0 |
_aDakota Indians _xHistory _y19th century. |
|
| 650 | 0 |
_aDakota Indians _xWars, 1890-1891. |
|
| 650 | 0 |
_aIndians, Treatment of _zGreat Plains _xHistory. |
|
| 650 | 0 |
_aDakota Indians _xGovernment relations. |
|
| 650 | 0 |
_aDakota Indians _xRelocation. |
|
| 650 | 0 |
_aPhotographers _zNorth Dakota _vBiography. |
|
| 655 | 7 |
_aElectronic books. _2local |
|
| 710 | 2 | _aebrary, Inc. | |
| 856 | 4 | 0 |
_uhttp://site.ebrary.com/lib/rucke/Doc?id=10750972 _zAn electronic book accessible through the World Wide Web; click to view |
| 999 |
_c114474 _d114474 |
||